000 00494nam a2200193Ia 4500
003 GCL
008 140319s9999 xx 000 0 aRus d
040 _aGCL /
_cGCL
082 0 4 _a863
_bC N
100 1 _aCERVANTES, MIGUEL DE
245 1 0 _aNOVELAS EJEMPLARES /
_cCERVANTES, MIGUEL DE
260 _a[S.N] :
_bCLASICOS CASTALIA ،
_c1982
650 0 4 _aLITERATURE
650 0 4 _aNOVELS
650 0 4 _aFICTION
650 0 4 _aSPANISH LITERATURE
650 0 4 _aSPANISH FICTION
942 _2ddc
_cBK
999 _c13146
_d13146